Motivasi kendiri : pensyarat menuju kejayaan

Bibliographic Details
Main Author: Abdul Razak Abdullah
Corporate Author: Title
Format: Book
Published: Selangor : Karisma Publications Sdn Bhd , 2003
Subjects:

MARC

LEADER 00000cam a2200000 7i4500
001 0000021786
005 20220622.0
008 080723
020 |a 9831951182 
090 0 0 |a 158.1   |b ABD 
100 0 |a Abdul Razak Abdullah 
245 1 0 |a Motivasi kendiri :   |b pensyarat menuju kejayaan   |c Abdul Razak bin Abdullah 
260 |a Selangor :   |b Karisma Publications Sdn Bhd ,   |c 2003 
650 0 |a Motivation (Psychology) 
650 0 |a Success 
710 1 |a Title 
999 |a 0001025240   |b Book   |c Adult Collection   |e Perbadanan Perpustakaan Awam Johor 
999 |a 0001025242   |b Book   |c Adult Collection   |e Perbadanan Perpustakaan Awam Johor 
999 |a 0001034478   |b Book   |c Adult Collection   |e Desa - PPAJ 
999 |a 0001034479   |b Book   |c Adult Collection   |e Desa - PPAJ 
999 |a 0001050087   |b Book   |c Adult Collection   |e Cawangan Bandar Penawar 
999 |a 0001050088   |b Book   |c Children Collection   |e Cawangan Taman Universiti 
999 |a 0001050089   |b Book   |c Adult Collection   |e Cawangan Bukit Gambir 
999 |a 0001050090   |b Book   |c Adult Collection   |e Cawangan Taman Sri Lambak 
999 |a 0001166835   |b Book   |c Adult Collection   |e Cawangan Taman Sri Lambak